Group counseling : (Record no. 330944)

000 -LEADER
fixed length control field 02854cam a22004817i 4500
001 - CONTROL NUMBER
control field 18288165
003 - CONTROL NUMBER IDENTIFIER
control field NUST
005 - DATE AND TIME OF LATEST TRANSACTION
control field 20180117090028.0
008 - FIXED-LENGTH DATA ELEMENTS--GENERAL INFORMATION
fixed length control field 140903t20162016maua b 001 0 eng
010 ## - LIBRARY OF CONGRESS CONTROL NUMBER
LC control number 2014950260
020 ## - INTERNATIONAL STANDARD BOOK NUMBER
International Standard Book Number 1305087305 paperback
020 ## - INTERNATIONAL STANDARD BOOK NUMBER
International Standard Book Number 9781305087309 paperback
035 ## - SYSTEM CONTROL NUMBER
System control number (OCoLC)ocn903291664
040 ## - CATALOGING SOURCE
Original cataloging agency AU@
Language of cataloging eng
Transcribing agency AU@
Description conventions rda
Modifying agency OCLCO
-- NHM
-- YDXCP
-- OCLCF
-- UMS
-- DLC
042 ## - AUTHENTICATION CODE
Authentication code lccopycat
050 00 - LIBRARY OF CONGRESS CALL NUMBER
Classification number BF637.C6
Item number J34 2016
082 04 - DEWEY DECIMAL CLASSIFICATION NUMBER
Classification number 158.3/5
Edition number 23
100 1# - MAIN ENTRY--PERSONAL NAME
Personal name Jacobs, Edward E.,
Dates associated with a name 1944-
Relator term author.
9 (RLIN) 4169
245 10 - TITLE STATEMENT
Title Group counseling :
Remainder of title strategies and skills /
Statement of responsibility, etc. Ed E. Jacobs, West Virginia University, Christine J. Schimmel, West Virginia University, Robert L.Masson, West Virginia University (retired), Riley L. Harvill, THe HarBeck Company.
250 ## - EDITION STATEMENT
Edition statement 7th edition.
264 #1 - PRODUCTION, PUBLICATION, DISTRIBUTION, MANUFACTURE, AND COPYRIGHT NOTICE
Place of production, publication, distribution, manufacture Boston, MA :
Name of producer, publisher, distributor, manufacturer Cengage learning,
Date of production, publication, distribution, manufacture, or copyright notice [2012]
264 #4 - PRODUCTION, PUBLICATION, DISTRIBUTION, MANUFACTURE, AND COPYRIGHT NOTICE
Date of production, publication, distribution, manufacture, or copyright notice ©2016
300 ## - PHYSICAL DESCRIPTION
Extent xviii, 530 pages :
Other physical details illustrations ;
Dimensions 24 cm
336 ## - CONTENT TYPE
Content type term text
Content type code txt
Source rdacontent
337 ## - MEDIA TYPE
Media type term unmediated
Media type code n
Source rdamedia
338 ## - CARRIER TYPE
Carrier type term volume
Carrier type code nc
Source rdacarrier
504 ## - BIBLIOGRAPHY, ETC. NOTE
Bibliography, etc. note Includes bibliographical references and index.
505 0# - FORMATTED CONTENTS NOTE
Formatted contents note Chapter 1 Introduction -- Chapter 2 Stages of groups, group process, and therapeutic forces -- Chapter 3 Purpose of groups -- Chapter 4 Planning -- Chapter 5 Getting started: the beginning stage and beginning phase -- Chapter 6 Basic skills for group leaders -- Chapter 7 Focus -- Chapter 8 Cutting off and drawing out -- Chapter 9 Rounds and dyads -- Chapter 10 Exercises -- Chapter 11 Introducing, conducting, and processing exercises -- Chapter 12 Leading the middle stage of a group -- Chapter 13 Using counseling theories in groups -- Chapter 14 Counseling and therapy in groups -- Chapter 15 Closing a session or group -- Chapter 16 Dealing with problem situations -- Chapter 17 Working with specific populations.
650 #0 - SUBJECT ADDED ENTRY--TOPICAL TERM
Topical term or geographic name entry element Group counseling.
9 (RLIN) 4170
650 #0 - SUBJECT ADDED ENTRY--TOPICAL TERM
Topical term or geographic name entry element Leadership.
9 (RLIN) 300
650 #7 - SUBJECT ADDED ENTRY--TOPICAL TERM
Topical term or geographic name entry element Group counseling.
Source of heading or term fast
Authority record control number or standard number (OCoLC)fst00948370
9 (RLIN) 4170
650 #7 - SUBJECT ADDED ENTRY--TOPICAL TERM
Topical term or geographic name entry element Leadership.
Source of heading or term fast
Authority record control number or standard number (OCoLC)fst00994701
9 (RLIN) 300
700 1# - ADDED ENTRY--PERSONAL NAME
Personal name Schimmel, Christine J.,
Relator term author.
9 (RLIN) 4171
700 1# - ADDED ENTRY--PERSONAL NAME
Personal name Masson, Robert L.,
Dates associated with a name 1936-
Relator term author.
9 (RLIN) 4172
700 1# - ADDED ENTRY--PERSONAL NAME
Personal name Harvill, Riley L.,
Dates associated with a name 1955-
Relator term author.
9 (RLIN) 4173
856 42 - ELECTRONIC LOCATION AND ACCESS
Materials specified Contributor biographical information
Uniform Resource Identifier <a href="http://www.loc.gov/catdir/enhancements/fy1516/2014950260-b.html">http://www.loc.gov/catdir/enhancements/fy1516/2014950260-b.html</a>
856 42 - ELECTRONIC LOCATION AND ACCESS
Materials specified Publisher description
Uniform Resource Identifier <a href="http://www.loc.gov/catdir/enhancements/fy1516/2014950260-d.html">http://www.loc.gov/catdir/enhancements/fy1516/2014950260-d.html</a>
856 41 - ELECTRONIC LOCATION AND ACCESS
Materials specified Table of contents only
Uniform Resource Identifier <a href="http://www.loc.gov/catdir/enhancements/fy1516/2014950260-t.html">http://www.loc.gov/catdir/enhancements/fy1516/2014950260-t.html</a>
906 ## - LOCAL DATA ELEMENT F, LDF (RLIN)
a 7
b cbc
c copycat
d 2
e ncip
f 20
g y-gencatlg
942 ## - ADDED ENTRY ELEMENTS (KOHA)
Source of classification or shelving scheme
Koha item type Book
Holdings
Withdrawn status Lost status Source of classification or shelving scheme Damaged status Not for loan Collection code Permanent Location Current Location Shelving location Date acquired Total Checkouts Full call number Barcode Date last seen Date last checked out Price effective from Koha item type
            Central Library (CL) Central Library (CL) General Stacks 08/24/2017 2 158.3/5 MAS S3H-C-58 03/15/2026 03/12/2026 08/24/2017 Book
© 2023 Central Library, National University of Sciences and Technology. All Rights Reserved.